<?xml version="1.0" encoding="UTF-8"?><?xml-stylesheet type="text/xsl" href="static/style.xsl"?><OAI-PMH xmlns="http://www.openarchives.org/OAI/2.0/" xmlns:xsi="http://www.w3.org/2001/XMLSchema-instance" xsi:schemaLocation="http://www.openarchives.org/OAI/2.0/ http://www.openarchives.org/OAI/2.0/OAI-PMH.xsd"><responseDate>2026-06-06T02:23:03Z</responseDate><request verb="GetRecord" identifier="oai:riuma.uma.es:10630/14201" metadataPrefix="marc">https://riuma.uma.es/rest/oai/request</request><GetRecord><record><header><identifier>oai:riuma.uma.es:10630/14201</identifier><datestamp>2026-02-03T12:21:26Z</datestamp><setSpec>com_10630_2254</setSpec><setSpec>col_10630_37959</setSpec></header><metadata><record xmlns="http://www.loc.gov/MARC21/slim" xmlns:dcterms="http://purl.org/dc/terms/" xmlns:doc="http://www.lyncode.com/xoai" xmlns:xsi="http://www.w3.org/2001/XMLSchema-instance" xsi:schemaLocation="http://www.loc.gov/MARC21/slim http://www.loc.gov/standards/marcxml/schema/MARC21slim.xsd">
   <leader>00925njm 22002777a 4500</leader>
   <datafield ind2=" " ind1=" " tag="042">
      <subfield code="a">dc</subfield>
   </datafield>
   <datafield ind2=" " ind1=" " tag="720">
      <subfield code="a">Sojo-Gordillo, José Manuel</subfield>
      <subfield code="e">author</subfield>
   </datafield>
   <datafield ind2=" " ind1=" " tag="720">
      <subfield code="a">Carrillo-Andrés, Antonio</subfield>
      <subfield code="e">author</subfield>
   </datafield>
   <datafield ind2=" " ind1=" " tag="720">
      <subfield code="a">Guarino Molina, Samuel</subfield>
      <subfield code="e">author</subfield>
   </datafield>
   <datafield ind2=" " ind1=" " tag="720">
      <subfield code="a">Plaza-Gomáriz, Francisco de Asís</subfield>
      <subfield code="e">author</subfield>
   </datafield>
   <datafield ind2=" " ind1=" " tag="260">
      <subfield code="c">2017-07-12</subfield>
   </datafield>
   <datafield ind2=" " ind1=" " tag="520">
      <subfield code="a">A widely used class of vegetable dehydration systems are the “tunnel-and-truck” dehydrators&#xd;
, where the prepared material lies over horizontal trays stored in trucks which move&#xd;
discontinuously in opposite direction of the air flow. This way the driest product is facing the&#xd;
inlet hot and dry air blowed to the system. When product of one truck is ready, is removed from&#xd;
the tunnel leaving space for advance the remaining truck one place forward. This way, a new&#xd;
truck full of wet product can be inserted at the end of the tunnel.&#xd;
This paper presents a simulation model of a particular dryer design, including&#xd;
the tunnel, a fan and a heating coil. Additionally there is some energy saving equipment like a&#xd;
recovery heat exchanger and recirculation damper. The simulation model is then applied to the&#xd;
determination of optimal operating conditions.</subfield>
   </datafield>
   <datafield ind1="8" ind2=" " tag="024">
      <subfield code="a">http://hdl.handle.net/10630/14201</subfield>
   </datafield>
   <datafield ind1="8" ind2=" " tag="024">
      <subfield code="a">https://orcid.org/0000-0001-9511-2678</subfield>
   </datafield>
   <datafield tag="653" ind2=" " ind1=" ">
      <subfield code="a">Energía -- Conversión directa</subfield>
   </datafield>
   <datafield ind2="0" ind1="0" tag="245">
      <subfield code="a">Simulation and Optimization of a counterflow Tunnel Dehydrator</subfield>
   </datafield>
</record>
</metadata></record></GetRecord></OAI-PMH>